| 000 | 01651nam a2200253 a 4500 | ||
|---|---|---|---|
| 003 | DLC | ||
| 005 | 20250820114837.0 | ||
| 008 | 991125c1970 us qr p r 000 0 eng d | ||
| 022 | _a0045-6713 | ||
| 035 | _aUPN01000059733 | ||
| 040 |
_aMX-MxUPN _bspa _cMX-MxUPN _eaacr2 |
||
| 245 | 1 | 0 | _aChildren's literature in education |
| 260 |
_aEstados Unidos : _bSpringer, _c1970- |
||
| 310 | _aTrimestral | ||
| 520 | 1 | _aEs una publicación clave de artículos sobre todos los aspectos de la literatura infantil durante más de 50 años, presentando importantes entrevistas con escritores y artistas. Cubre material clásico y contemporáneo, lo intelectual y lo popular, y abarca obras para niños muy pequeños hasta jóvenes adultos. Incluye análisis de ficción, poesía, drama y material no ficticio, además de estudios en otros medios como cine, televisión, videojuegos, obras en línea; narrativas visuales desde libros ilustrados y cómics hasta novelas gráficas; análisis textual e interpretación desde diferentes perspectivas teóricas; enfoques históricos en el área; trabajo de respuesta de los lectores con niños; ideas para enseñar literatura infantil; adaptación, traducción y publicación.CLE es una revista revisada por pares que cubre la literatura infantil en todo el mundo, adecuada para profesionales del campo (académicos, bibliotecarios, profesores) y cualquier otro adulto interesado. | |
| 650 | 4 |
_aLiteratura infantil _94445 |
|
| 650 | 4 |
_aMaestros _916336 |
|
| 653 | 0 | _aEDUCACION BASICA | |
| 653 | 0 | _aNiños | |
| 902 | _aGloria Jiménez/200825 | ||
| 905 | _aRevista | ||
| 942 | _cREV-I | ||
| 999 |
_c59647 _d59647 |
||